[Event "CZE-chT2A 1819"]
[Site "Czech Republic"]
[Date "2018.11.04"]
[Round "2.8"]
[White "Nemec, Roman"]
[Black "Havlik, Frantisek"]
[Result "0-1"]
[WhiteElo "1819"]
[BlackElo "2008"]
[PlyCount "60"]
[EventDate "2018.10.14"]
[EventType "team-tourn"]
[EventRounds "11"]
[EventCountry "CZE"]
[SourceTitle "EXT 2022"]
[Source "ChessBase"]
[SourceDate "2021.10.06"]
[SourceVersion "1"]
[SourceVersionDate "2021.10.06"]
[SourceQuality "1"]
[WhiteTeam "Strakonice"]
[BlackTeam "Ricany II"]
[WhiteTeamCountry "CZE"]
[BlackTeamCountry "CZE"]

1. e4 e5 2. Nf3 Nc6 3. d4 exd4 4. Nxd4 Bc5 5. Be3 Bb6 6. Nc3 d6 7. Nd5 Nf6 8. Nxc6 bxc6 9. Nxb6 axb6 10. Qd4 Qe7 11. Bd3 h6 12. 0-0 0-0 13. Rfe1 Ng4 14. Bd2 Qh4 15. Bf4 c5 16. Bg3 Qxg3 17. Qxg7+ Kxg7 18. hxg3 Re8 19. f3 Ne5 20. Bb5 c6 21. Be2 d5 22. exd5 cxd5 23. Bb5 Bd7 24. Be2 Bc6 25. Kf2 d4 26. a4 Rxa4 27. Rxa4 Bxa4 28. b3 Bc6 29. f4 Ng6 30. Rh1 Bxg2 0-1

[Event "CZE-chT2A 1314"]
[Site "Czech Republic"]
[Date "2014.01.05"]
[Round "5.5"]
[White "Nemec, Roman"]
[Black "Musil, Miroslav"]
[Result "1/2-1/2"]
[WhiteElo "1893"]
[BlackElo "1990"]
[PlyCount "56"]
[EventDate "2013.11.03"]
[EventType "team-tourn"]
[EventRounds "11"]
[EventCountry "CZE"]
[SourceTitle "EXT 2015"]
[Source "ChessBase"]
[SourceDate "2014.11.20"]
[SourceVersion "1"]
[SourceVersionDate "2014.11.20"]
[SourceQuality "1"]
[WhiteTeam "Strakonice"]
[BlackTeam "Karlovy Vary II"]
[WhiteTeamCountry "CZE"]
[BlackTeamCountry "CZE"]

1. e4 Nf6 2. e5 Nd5 3. c4 Nb6 4. d4 d6 5. exd6 exd6 6. Bd3 Nc6 7. Be3 Nb4 8. a3 Nxd3+ 9. Qxd3 Qf6 10. Qe4+ Qe6 11. Qxe6+ Bxe6 12. b3 Be7 13. Nf3 Bf6 14. 0-0 a5 15. a4 0-0 16. Nc3 c6 17. Ne4 Be7 18. Rac1 Bf5 19. Nc3 Rfd8 20. d5 c5 21. Rfe1 Rd7 22. Bg5 Bxg5 23. Nxg5 h6 24. Nge4 Rad8 25. Nb5 Nc8 26. Re3 Kf8 27. Rce1 Re7 28. f3 Bxe4 1/2-1/2